Hamilton or Les Misérables? Quiz Stats

 Plays Quiz Updated Oct 3, 2016

Score 0/30 Timer 05:00
18 Plays Today
Lyric H or M % Correct
I am either gonna die in the battlefield in glory or rise up???
89.4%
Will you join in our crusade? Who will be strong and stand with me????
87.9%
But there are dreams that cannot be, and there are storms we cannot weather???
87.8%
Drink with me to days gone by, sing with me the songs we knew???
87.4%
God, I wish there was a war!???
86.9%
Our little lives don't count at all???
86.8%
I may not live to see our glory, but I will gladly join the fight???
86.3%
If I speak, I am condemned; if I stay silent, I am damned???
86.2%
You could never back down, you never learned to take your time???
86%
And those who follow the path of the righteous shall have their reward???
86%
Can people really fall in love so fast????
85.9%
See you on the other side, 'til we meet again???
83.4%
It's him or me, the world will never be the same???
82.9%
We are engaged in a battle for our nation's very soul???
82.9%
Heed not the rabble who scream revolution???
82.3%
Lyric H or M % Correct
There's a new world for the winning???
82.3%
To the revolution! ???
80.6%
Life has dropped you at the bottom of the heap???
80.4%
I'm dedicating every day to you???
80%
If you join us right now, together we can turn the tide???
79.1%
What have I done? Sweet Jesus, what have I done????
79.1%
There are moments that the words don’t reach, there is suffering too terrible to name???
77.9%
I walk these streets famished???
77.1%
There's a grief that can't be spoken, there's a pain that goes on and on???
76.8%
There's trouble in the air, you can smell it???
75.3%
And if I should die in the fight to be free where the fighting is hardest, there will I be???
72.8%
Fighting for a new world that would rise up like the sun???
72%
Something's gotta happen now or something's gonna give???
69.2%
Life has dealt me some terrible blows???
68.7%
Answer for the accusations I lay at your feet or prepare to bleed, good man???
68.6%

You're not logged in!

Compare scores with friends on all Sporcle quizzes.
OR
Log In

Show Comments

Extras

Top Quizzes Today


Score Distribution

Your Account Isn't Verified!

In order to create a playlist on Sporcle, you need to verify the email address you used during registration. Go to your Sporcle Settings to finish the process.

Report this User

Report this user for behavior that violates our Community Guidelines.

Details: